| 000 | 00558nam a2200217 a 4500 | ||
|---|---|---|---|
| 001 | BRL_1472 | ||
| 005 | 20190320211226.0 | ||
| 008 | 230114s1962----mx-aob####---#000-0#spa-# | ||
| 041 | _aspa | ||
| 044 | _amx | ||
| 050 | 4 |
_aF1435 _b.G57 1962 |
|
| 100 | 1 |
_aGirard, Rafael _923753 |
|
| 245 | 1 | 0 |
_aLos mayas eternos _cRafael Girard. |
| 260 |
_aMéxico _bLibro Mex _c1962 |
||
| 300 |
_axiv, 493 p. _bil., mapas, fotografías _c23 cm. |
||
| 500 | _aAu1711 | ||
| 500 | _aIncluye índice analítico | ||
| 650 | 1 | 4 |
_aMayas _98077 |
| 902 | _aGRL | ||
| 942 |
_2lcc _cB |
||
| 999 |
_c10282 _d10282 |
||